00474nam a2200157Ia 450000500170000000800410001704000180005804100080007608200220008410000250010624500630013125000120019426000570020630000280026365000250029120230314113144.0210716s1985 xx 000 0 und d cAIMIT LIBRARY aeng a005.133 22bBISN aBiswas, Nripendra N. aFortran IV computer programming /cBy Nripendra. N Biswas. a2nd ed. aNew Delhi :bAffiliated East- West Press Ltd,c1985. axii,229p. ;bPBc23 cm. aProgramming Language